000 00615nam a2200205Ia 4500
003 OSt
005 20220926031308.0
006 a|||||r|||| 00| 0
007 ta
008 220923b |||||||| |||| 00| 0 eng d
037 _cGeneral Book
040 _aRTL
_cRTL
_beng
041 _2eng
_aeng
082 _aX9(Kz322).N77, L7.45
245 0 _aYearbook of fishery Statistics
_b Fishery Commodities
260 _aRome
_bFood and Agriculture Organization of the united Nations.
_c1978
300 _axiv; 283p.
_ccm.
942 _hX9(Kz322).N77, L7.45
_cGB
_2CC
999 _c652005
_d652005